000 00263nam a2200121Ia 4500
008 241002s9999 xx 000 0 und d
082 _a921.7 GOR
100 _aGorky, M.
245 0 _aMy University
260 _aMoscow:
_c1953
600 _aHistory
942 _cUC
999 _c18728
_d18728